Chapman Library

Matthematics of finance: with Canadian applications (Record no. 1289)

000 -LEADER
fixed length control field 00394nam a22001337a 4500
020 ## - INTERNATIONAL STANDARD BOOK NUMBER
ISBN 0130162817
050 ## - LIBRARY OF CONGRESS CALL NUMBER
Classification number HF5691
100 ## - MAIN ENTRY--AUTHOR NAME
Personal name Hummelbruner, S. A.
245 ## - TITLE STATEMENT
Title Matthematics of finance: with Canadian applications
250 ## - EDITION STATEMENT
Edition statement 4th edition
260 ## - PUBLICATION, DISTRIBUTION, ETC. (IMPRINT)
Place of publication Toronto
Name of publisher Pearson Education Canada, Inc./Prentice Hall
Year of publication 2001
300 ## - PHYSICAL DESCRIPTION
Number of Pages xiv, 496p.:ill., includes references and index
942 ## - ADDED ENTRY ELEMENTS (KOHA)
Koha item type Books
Holdings
Koha item type Collection code Shelving location Accession Number Permanent Location Current Location Date acquired Full call number
BooksReferenceReference2206Chapman LibraryChapman Library2017-01-11HF5691hum


CSUC Chapman Library is a Koha Automated Library.


Contact us: library@csuc.edu.gh.